| 000 | 01766cam a2200349 a 4500 | ||
|---|---|---|---|
| 001 | 16557853 | ||
| 003 | OSt | ||
| 005 | 20180116192416.0 | ||
| 008 | 101130r20112006enkae b 001 0 eng | ||
| 010 | _a 2010050633 | ||
| 020 | _a9782940222384 (EPFL Press) | ||
| 020 | _a9780415610292 (pbk. : alk. paper) | ||
| 040 |
_aDLC _cDLC _dDLC |
||
| 041 | 1 |
_aeng _hita |
|
| 050 | 0 | 0 |
_aNA2750 _b.M8813 2011 |
| 082 | 0 | 0 |
_a721 _222 |
| 100 | 1 |
_aMuttoni, A. _q(Aurelio), _d1958- _96573 |
|
| 240 | 1 | 0 |
_aArte delle strutture. _lEnglish |
| 245 | 1 | 4 |
_aThe art of structures ; _bintroduction to the functioning of structures in architecture / _cAurelio Muttoni ; translated from the Italian by Stephen Piccolo. |
| 250 | _a1st ed. | ||
| 260 |
_aAbingdon, Oxford, UK ; _aNew York, NY : _bEPFL Press/Routledge, _cc2011. |
||
| 300 |
_axi, 269 p. : _bill., plans ; _c25 cm. |
||
| 500 | _aOriginally published: L'arte delle strutture. Mendrisio [Switzerland] : Accademia di architettura-Università della Svizzera italiana, 2006. | ||
| 504 | _aIncludes bibliographical references and index. | ||
| 505 | 0 | _aIntroduction -- Forces and equilibrium, internal forces, strength and stiffness -- Cables -- Cable networks, tents, and membranes -- Arches -- Vaults, domes and shells -- Arch-cables -- Trusses -- Spacetrusses -- Beams -- Frames -- Wall beams and deep walls -- Ribbed slabs, beam grids, and slabs -- Stability of elements in compression. | |
| 650 | 0 |
_aArchitectural design. _96574 |
|
| 650 | 0 |
_aStructural design. _96575 |
|
| 906 |
_a7 _bcbc _corignew _d1 _eecip _f20 _gy-gencatlg |
||
| 942 |
_2ddc _cBK |
||
| 999 |
_c353709 _d353709 |
||